Cricket: Men's All-Time ICC ODI Bowling Rankings - Statistics

General Stats
  • This quiz has been taken 18 times
  • The average score is 14 of 20
Answer Stats
Country Year Rating Answer % Correct
SL 2002 913 Muttiah Muralitharan
100%
AUS 2002 903 Glenn McGrath
94%
AUS 2006 852 Brett Lee
88%
IND 2018 841 Jasprit Bumrah
88%
PAK 1994 851 Wasim Akram
88%
IND 1986 845 Kapil Dev
82%
WI 1985 891 Malcolm Marshall
82%
WI 1991 877 Sir Curtly Ambrose
82%
NZ 1983 923 Sir Richard Hadlee
82%
SL 2004 862 Chaminda Vaas
76%
WI 1985 875 Michael Holding
76%
WI 1985 940 Joel Garner
71%
SA 2007 917 Shaun Pollock
71%
AUS 1982 891 Dennis Lillee
65%
WI 1983 848 Sir Andy Roberts
53%
ENG 1983 867 Bob Willis
47%
AUS 2004 823 Jason Gillespie
47%
IND 1988 851 Maninder Singh
35%
AUS 1984 841 Geoff Lawson
29%
NZ 1984 892 Ewen Chatfield
24%
No matching quizzes found
Score Distribution
Percent of People with Each Score
Percentile by Number Answered
Your Score History
You have not taken this quiz